Science Quiz

Random Science or Numbers Quiz

Roman Numerals Match-Up Challenge Quiz Stats

 Plays Quiz Updated Mar 17, 2020

Support Sporcle.
Go Orange.
Score 0/150 Timer 10:00
3 Plays Today
% Correct
1
64.2%
6
63.8%
30
63.8%
2
63.7%
20
63.7%
5
63.6%
10
63.5%
21
63.5%
3
63.5%
9
63.5%
8
63.4%
4
63.4%
32
63.4%
7
63.3%
31
63.3%
35
63.3%
15
63.1%
25
63%
11
63%
23
63%
33
62.9%
34
62.8%
22
62.8%
24
62.8%
38
62.7%
36
62.6%
26
62.6%
27
62.6%
14
62.6%
37
62.5%
29
62.5%
50
62.5%
28
62.4%
39
62.3%
100
62.2%
103
62.2%
17
62.1%
102
62.1%
51
62%
19
62%
18
62%
132
61.9%
12
61.9%
131
61.9%
121
61.9%
53
61.7%
130
61.7%
16
61.6%
101
61.6%
120
61.5%
% Correct
70
61.5%
133
61.5%
52
61.4%
80
61.4%
134
61.4%
135
61.4%
40
61.3%
122
61.3%
125
61.3%
123
61.3%
126
61.2%
81
61.2%
124
61.2%
71
61.2%
150
61.1%
138
61%
85
61%
105
61%
108
61%
82
61%
75
60.8%
106
60.8%
136
60.8%
109
60.8%
104
60.8%
107
60.8%
13
60.7%
54
60.7%
90
60.7%
137
60.6%
55
60.6%
139
60.6%
72
60.5%
129
60.5%
74
60.5%
78
60.5%
127
60.5%
42
60.4%
76
60.4%
110
60.4%
128
60.4%
83
60.3%
145
60.3%
45
60.3%
93
60.3%
86
60.3%
91
60.2%
60
60.2%
111
60.2%
73
60.2%
% Correct
84
60.1%
41
60.1%
43
60.1%
88
60.1%
87
60.1%
115
60%
65
60%
89
60%
92
60%
140
60%
58
59.9%
141
59.9%
79
59.7%
68
59.7%
44
59.7%
46
59.7%
146
59.6%
59
59.6%
61
59.6%
95
59.6%
96
59.6%
77
59.5%
62
59.5%
57
59.5%
142
59.4%
112
59.4%
144
59.4%
114
59.4%
94
59.3%
113
59.3%
97
59.3%
143
59.3%
47
59.3%
56
59.3%
98
59.2%
118
59.2%
64
59.2%
48
59.1%
116
59.1%
148
59.1%
149
59%
67
59%
147
58.9%
119
58.8%
66
58.8%
63
58.8%
69
58.7%
117
58.5%
99
58.5%
49
58.4%

From the Vault

Word Fragment X

by baldorr

We're not sure who shattered these words, but we'd love your help in reassembling them.
Remove Ads.
Support Sporcle.
Get the best of Sporcle when you Go Orange. This ad-free experience offers more features, more stats, and more fun while also helping to support Sporcle. Thank you for becoming a member.

Show Comments

Extras

Top Quizzes Today


Score Distribution

Your Account Isn't Verified!

In order to create a playlist on Sporcle, you need to verify the email address you used during registration. Go to your Sporcle Settings to finish the process.

Report this User

Report this user for behavior that violates our Community Guidelines.

Details: